जनता के बीच पार्टी का काम / (Record no. 14408)
[ view plain ]
| 000 -LEADER | |
|---|---|
| fixed length control field | 01077nam a22002537a 4500 |
| 005 - DATE AND TIME OF LATEST TRANSACTION | |
| control field | 20080711103247.0 |
| 006 - FIXED-LENGTH DATA ELEMENTS--ADDITIONAL MATERIAL CHARACTERISTICS--GENERAL INFORMATION | |
| fixed length control field | a|||||r|||||00| 0 |
| 008 - FIXED-LENGTH DATA ELEMENTS--GENERAL INFORMATION | |
| fixed length control field | 080711t xxu||||| |||| 00| 0 hin d |
| 010 ## - LIBRARY OF CONGRESS CONTROL NUMBER | |
| LC control number | HIN-83813 |
| 020 ## - INTERNATIONAL STANDARD BOOK NUMBER | |
| Terms of availability | 30.00 |
| 035 ## - SYSTEM CONTROL NUMBER | |
| System control number | HN-56159 |
| 037 ## - SOURCE OF ACQUISITION | |
| Source of stock number/acquisition | DBAD / PUB |
| 040 ## - CATALOGING SOURCE | |
| Original cataloging agency | DPL |
| Language of cataloging | HN |
| 082 ## - DEWEY DECIMAL CLASSIFICATION NUMBER | |
| Classification number | 947.0841 |
| 100 ## - MAIN ENTRY--PERSONAL NAME | |
| Personal name | लेनिन |
| 245 ## - TITLE STATEMENT | |
| Title | जनता के बीच पार्टी का काम / |
| Statement of responsibility, etc | लेनिन |
| 246 ## - VARYING FORM OF TITLE | |
| Title proper/short title | Janta ke beech paryt ka Kam |
| Remainder of title | by Lenin |
| 260 ## - PUBLICATION, DISTRIBUTION, ETC. (IMPRINT) | |
| Place of publication, distribution, etc | लखनऊ |
| Name of publisher, distributor, etc | राहुल फाउण्डेशन |
| Date of publication, distribution, etc | 2004 |
| 270 ## - ADDRESS | |
| Address | जनचेतना- डी-68, निरालानगर |
| City | लखनऊ |
| Postal code | 226020 |
| 300 ## - PHYSICAL DESCRIPTION | |
| Extent | 155पृ |
| Dimensions | 22सेमी(अजिल्द) |
| 650 ## - SUBJECT ADDED ENTRY--TOPICAL TERM | |
| Topical term or geographic name as entry element | Communism |
| 942 ## - ADDED ENTRY ELEMENTS (KOHA) | |
| Source of classification or shelving scheme | Dewey Decimal Classification |
| Koha item type | Hindi Books |
| Classification part | 947.0841 |
| Call number suffix | लेनिन |
| Withdrawn status | Lost status | Damaged status | Not for loan | Collection code | Home library | Current library | Date acquired | Source of acquisition | Cost, normal purchase price | Total Checkouts | Full call number | Barcode | Date last seen | Copy number | Cost, replacement price | Price effective from | Koha item type |
|---|---|---|---|---|---|---|---|---|---|---|---|---|---|---|---|---|---|
| Not For Loan | Non-fiction | D.B.Act.Division | D.B.Act.Division | 11/07/2008 | पु.प्र.अ.प्र /प्रका | 30.00 | 947.0841 लेनिन | HN-56159 | 15/09/2008 | 1 | 30.00 | 15/09/2008 | Hindi Books |
